Lo "cursi" en la obra de Galdós / (Record no. 67017)

MARC details
000 -LEADER
campo de control de longitud fija 00742nam a2200205 i 4500
001 - NÚMERO DE CONTROL
campo de control 67017
003 - IDENTIFICADOR DE NÚMERO DE CONTROL
campo de control ES-MaACL
005 - FECHA Y HORA DE LA ÚLTIMA TRANSACCIÓN
campo de control 20231213062938.0
007 - CAMPO FIJO DE DESCRIPCIÓN FÍSICA--INFORMACIÓN GENERAL
campo de control de longitud fija t|
008 - DATOS DE LONGITUD FIJA--INFORMACIÓN GENERAL
campo de control de longitud fija 040430s1978 sp ||||1| spa d
080 ## - NÚMERO DE LA CLASIFICACIÓN DECIMAL UNIVERSAL
Número de la Clasificación Decimal Universal 821.134.2 Pérez Galdos, Benito 1.06
100 1# - ENTRADA PRINCIPAL--NOMBRE DE PERSONA
Nombre de persona Ynduráin, Francisco,
Fechas asociadas al nombre 1910-1994
9 (RLIN) 117648
245 10 - MENCIÓN DEL TÍTULO
Título Lo "cursi" en la obra de Galdós /
Mención de responsabilidad, etc. Francisco Ynduráin.
260 ## - PUBLICACIÓN, DISTRIBUCIÓN, ETC.
Lugar de publicación, distribución, etc. Gran Canaria :
Nombre del editor, distribuidor, etc. Cabildo Insular,
Fecha de publicación, distribución, etc. 1978.
300 ## - DESCRIPCIÓN FÍSICA
Extensión p. 266-282 ;
Dimensiones 23 cm.
500 ## - NOTA GENERAL
Nota general Separata de: Actas del Segundo Congreso Internacional de Estudios Galdosianos I.
600 14 - PUNTO DE ACCESO ADICIONAL DE MATERIA--NOMBRE DE PERSONA
Nombre de persona Pérez Galdós, Benito,
Fechas asociadas al nombre 1843-1920-
Subdivisión general Crítica e interpretación
9 (RLIN) 90875
852 ## - LOCALIZACIÓN
Ubicación ES-MaACL
Número de control de estantería 2169-F-7
Sublocalización o colección R.123582
Holdings
Estatus retirado Estado de pérdida Estado de daño No para préstamo Colección Biblioteca de origen Biblioteca actual Ubicación en estantería Fecha de adquisición Fuente de adquisición Total de préstamos Signatura topográfica completa Código de barras Visto por última vez Precio de reemplazo Tipo de ítem Koha
        Colección de folletos Biblioteca del Ateneo de Madrid Biblioteca del Ateneo de Madrid Depósito folletos 17/01/2008     2169-F-7 1070190 23/02/2023 23/02/2023 Folleto